The Difference in Perception of Global Risks between Young and Elderly according to WEF

Medzi hlavné riziká pre rok 2024 patrilo extrémne počasie, dezinformácie, generované AI, a spoločensko-politická polarizácia. Medzi pretrvávajúce obavy patrí kríza životných nákladov a kybernetické útoky. Príspevok obhajuje lokálnu a cezhraničnú koordináciu stratégie s cieľom riešiť tieto riziká glo...

Ausführliche Beschreibung

Gespeichert in:
Bibliographische Detailangaben
1. Verfasser: Dolná, Mária, 1989-
Format: Buchkapitel
Sprache:Englisch
Schlagworte:
Tags: Tag hinzufügen
Keine Tags, Fügen Sie das erste Tag hinzu!

MARC

LEADER 00000naa$a2200000$$$4500
001 0305877
005 20260116084240.3
041 0 |a eng 
044 |a SK 
245 1 0 |a The Difference in Perception of Global Risks between Young and Elderly according to WEF  |c Mária Dolná 
520 |a Medzi hlavné riziká pre rok 2024 patrilo extrémne počasie, dezinformácie, generované AI, a spoločensko-politická polarizácia. Medzi pretrvávajúce obavy patrí kríza životných nákladov a kybernetické útoky. Príspevok obhajuje lokálnu a cezhraničnú koordináciu stratégie s cieľom riešiť tieto riziká globálne. 
610 2 0 |a svet 
610 2 0 |a riziko 
610 2 0 |a riziko bezpečnostné 
610 2 0 |a globalizácia 
610 2 0 |a skupiny vekové 
610 2 0 |a mladiství 
610 2 0 |a dôchodcovia 
100 1 |a Dolná, Mária, 1989-